000
00306nam a2200097Ia 4500
082
_a
EF COXM
245
0
_a
The glass of time : the secret life of Miss Esperanza Gorst : narrated by herself
100
_a
COX, Michael London, 2008
_9
73121
942
_c
BK
008
210817s9999 xx 000 0 und d
999
_c
239379
_d
239378